Nanostructured Films Produced from the Bleached Pinus sp. Kraft Pulp (Registro n. 341300)
[ somente texto ]
| 000 -LÍDER | |
|---|---|
| fixed length control field | 03240nab a2200301 i 4500 |
| 003 - CÓDIGO MARC DA AGÊNCIA CATALOGADORA | |
| Campo de controle | BR-BrBNA |
| 005 - DATA E HORA DA ÚLTIMA ATUALIZAÇÃO | |
| Campo de controle | 20260409075727.0 |
| 008 - CAMPO DE TAMANHO FIXO | |
| fixed length control field | 260409b2019 bl.qr|pooa||| 00| 0 eng | |
| 040 ## - FONTE DA CATALOGAÇÃO | |
| Agência catalogadora | BR-BrBNA |
| Idioma da catalogação | eng |
| 072 ## - CATEGORIA AGRIS | |
| Código AGRIS | K50 |
| 100 ## - ENTRADA PRINCIPAL - NOME PESSOAL | |
| Nome pessoal | Viana, Lívia Cássia |
| 100 ## - ENTRADA PRINCIPAL - NOME PESSOAL | |
| Nome pessoal | Muñiz, Graciela Ines Bolzon de |
| 100 ## - ENTRADA PRINCIPAL - NOME PESSOAL | |
| Nome pessoal | Magalhães, Washington Luiz Esteves |
| 100 ## - ENTRADA PRINCIPAL - NOME PESSOAL | |
| Nome pessoal | Andrade, Alan Sulato de |
| 100 ## - ENTRADA PRINCIPAL - NOME PESSOAL | |
| Nome pessoal | Nisgoski, Silvana |
| 100 ## - ENTRADA PRINCIPAL - NOME PESSOAL | |
| Nome pessoal | Potulski, Daniele Cristina |
| 245 ## - TÍTULO PRINCIPAL | |
| Título principal | Nanostructured Films Produced from the Bleached Pinus sp. Kraft Pulp |
| 500 ## - NOTA GERAL | |
| Nota geral | Publicação on-line; Bibliography p. 8-10 (53 ref.); 2 tables; 4 illus.; Summary (En) |
| 942 ## - ADDED ENTRY ELEMENTS (KOHA) | |
| Koha item type | Analítica |
| 520 ## - NOTA DE RESUMO | |
| Nota de conteúdo | <br/><br/>ABSTRACT<br/><br/>This study investigates the physical and mechanical properties of nanostructured films produced<br/>from Pinus sp. kraft pulp. To obtain the nanocellulose, the bleached kraft pulp was submitted<br/>to six different grinding regimes: two, five, ten, 20, 30, and 40 passes through the grinder. The<br/>influence of the number of passes was evaluated through the films’ physical and mechanical<br/>properties. The results show that the nanofibers reduced the thickness and considerably increased<br/>the density values of the fabricated films. The tensile strength increased more than 300% and the<br/>burst index was ten times higher in relation to normal papers. The more compact structure and<br/>lower porosity caused by the larger contact surface between nanofibers in the nanostructured<br/>films resulted in higher values of density, tensile strength, and burst resistance.<br/><br/>Keywords: nanocellulose, grinder, mechanical properties, density, crystallinity index.<br/><br/><br/><br/><br/><br/>Filmes Nanoestruturados Produzidos a partir de Polpa Kraft Branqueada de Pinus sp.<br/><br/>RESUMO<br/><br/>Este trabalho investiga as propriedades físicas e mecânicas de filmes nanoestruturados produzidos<br/>a partir da polpa kraft branqueada de Pinus sp. Para obter a nanocelulose, a polpa kraft branqueada<br/>foi submetida a seis diferentes intensidades de desfibrilação pelo moinho: dois, cinco, dez, 20, 30<br/>e 40 passes. A influência do número de passes foi avaliada por meio das propriedades físicas e<br/>mecânicas dos filmes. Os resultados indicam que a presença de nanofibrilas reduziu a espessura e<br/>aumentou consideravelmente os valores de densidade dos filmes fabricados. Observou-se aumento<br/>da resistência à tração de 300% e o índice de ruptura foi dez vezes maior em relação aos papéis<br/>normais. A estrutura mais compacta e a menor porosidade causada pela maior superfície de<br/>contato entre as nanofibrilas nos filmes resultaram em maiores valores de densidade, resistência<br/>à tração e resistência à ruptura.<br/><br/>Palavras-chave: nanocelulose, moinho, propriedades mecânicas, densidade, índice de cristalinidade. |
| 650 ## - ASSUNTO - THESAGRO | |
| Cabeçalho tópico ou nome geográfico | CELULOSE |
| 650 ## - ASSUNTO - THESAGRO | |
| Cabeçalho tópico ou nome geográfico | MOENDA |
| 650 ## - ASSUNTO - THESAGRO | |
| Cabeçalho tópico ou nome geográfico | PROPRIEDADE MECÂNICA |
| 650 ## - ASSUNTO - THESAGRO | |
| Cabeçalho tópico ou nome geográfico | POLPA |
| 773 0# - ENTRADA ANALÍTICA | |
| Host Biblionumber | 2929 |
| Registro do item | 347953 |
| Imprenta | Rio de Janeiro-RJ Instituto de Florestas - UFRRJ 1994 |
| Outro identificador | 2025-0452 |
| Título | Floresta e Ambiente (Brazil) |
| ISSN | 1415-0980 / ISSN 2179-8087 0nline |
| Colação | v. 26(4) p. 1-10; (2019) |
| Número de controle de registro | BR2026000327 |
| 856 ## - ACESSO E ENDEREÇO ELETRÔNICO | |
| Identificador uniforme de recurso - URI | https://www.scielo.br/j/floram/a/WQKykG5TVCXXSsfMz43cchQ/?format=pdf&lang=en |
Nenhum exemplar disponível.

BINAGRI